000 00768cam a2200253 4500
001 M1349
008 090401t1986 xxu||||| |||| 00| 0 eng d
035 _a(Sirsi) u31268
041 _aeng
050 _a690.25
110 _aBuilding Research Establishment
245 _aExternal masonry walls: repointing.
260 _aGarston, Watford
_bBuilding Research Establishment
_c1986
300 _a1 sheet : ill. ; 30cm.
350 _a0
490 _aDefect Action Sheet
_v72 (Site)
490 _aDAS
_v72
650 _aBUILDING DEFECTS
650 _aBUILT ENVIRONMENT-BUILDING ELEMENTS-COMPLETE BUILDING ELEMENTS-WALLS-EXTERNAL WALLS
650 _aREPOINTING
690 _aBUILDING AND CONSTRUCTION-DEFECTS AND FAILURES
942 _n0
948 _c04/03/1997
999 _c89571
_d89571